000 00378nam a2200133Ia 4500
008 220615s9999||||xx |||||||||||||| ||und||
100 _aHan, Je-Chin
245 0 _aAnalytical Heat Transfer
546 _aEnglish[eng]
650 _aHeat Transfer
700 _aLindholm, Kyra
856 _uhttps://library.oapen.org/bitstream/20.500.12657/40123/1/9781439861967.pdf
942 _cEB
999 _c14647
_d14647